[Event "SYR-ch"]
[Site "Damascus"]
[Date "2019.04.26"]
[Round "9"]
[White "Shekh A, Osamah"]
[Black "Dirki, Talal"]
[Result "1-0"]
[WhiteElo "2082"]
[BlackElo "1949"]
[PlyCount "55"]
[EventDate "2019.04.22"]
[EventType "tourn"]
[EventRounds "11"]
[EventCountry "SYR"]
[SourceTitle "CBM 190 Extra"]
[Source "ChessBase"]
[SourceDate "2019.07.15"]
[SourceVersion "1"]
[SourceVersionDate "2019.07.15"]
[SourceQuality "1"]

1. d4 Nf6 2. Nf3 g6 3. Bf4 Bg7 4. h3 0-0 5. c3 d6 6. Nbd2 Nbd7 7. e4 e5 8. dxe5 Nxe5 9. Be2 Qe7 10. 0-0 h6 11. Nxe5 dxe5 12. Be3 Be6 13. Qc2 Rfd8 14. b4 Nd7 15. a4 a5 16. Rab1 b6 17. f4 exf4 18. Bxf4 Ne5 19. bxa5 Rxa5 20. Kh1 Bxh3 21. gxh3 Qh4 22. Kh2 Rd3 23. Bxd3 Ng4+ 24. Kg2 Rg5 25. Bxg5 hxg5 26. hxg4 Be5 27. Nf3 Qxg4+ 28. Kf2 1-0

[Event "SYR-ch"]
[Site "Damascus"]
[Date "2019.04.24"]
[Round "4"]
[White "Dirki, Talal"]
[Black "Koniahli, Malek"]
[Result "0-1"]
[WhiteElo "1949"]
[BlackElo "2299"]
[PlyCount "124"]
[EventDate "2019.04.22"]
[EventType "tourn"]
[EventRounds "11"]
[EventCountry "SYR"]
[SourceTitle "CBM 190 Extra"]
[Source "ChessBase"]
[SourceDate "2019.07.15"]
[SourceVersion "1"]
[SourceVersionDate "2019.07.15"]
[SourceQuality "1"]

1. e4 c5 2. Nf3 d6 3. Nc3 Nc6 4. Bb5 Bd7 5. 0-0 Nf6 6. Re1 e5 7. Bxc6 Bxc6 8. d3 g6 9. Ne2 Bg7 10. Ng3 0-0 11. Bg5 h6 12. Bd2 Re8 13. h4 h5 14. c4 b5 15. Qc1 bxc4 16. dxc4 Qb6 17. b3 Qb7 18. Ng5 Qe7 19. f3 Nh7 20. Be3 Nxg5 21. hxg5 a5 22. Qd2 a4 23. Ne2 Bf8 24. Nc3 axb3 25. axb3 Qb7 26. Nd5 Bxd5 27. Qxd5 Rxa1 28. Rxa1 Qxb3 29. Bd2 Qb6 30. Ra5 Qb2 31. Kh2 Qd4 32. Qxd4 cxd4 33. Kg3 Rb8 34. f4 Rb3+ 35. Kf2 Rb2 36. Ke1 exf4 37. Bxf4 Rxg2 38. Ra8 Kg7 39. e5 Rg4 40. exd6 Rxf4 41. d7 Be7 42. c5 d3 43. d8Q Bxd8 44. Rxd8 Rf5 45. c6 Rc5 46. Rd6 Rc2 47. Kd1 h4 48. Rd4 Rxc6 49. Rxh4 Rc5 50. Rg4 Rd5 51. Kd2 Kf8 52. Rg3 Ke7 53. Re3+ Kd6 54. Rf3 Ke6 55. Re3+ Kf5 56. Rf3+ Kxg5 57. Rxf7 Kg4 58. Rf1 g5 59. Rg1+ Kf3 60. Rf1+ Kg2 61. Rd1 g4 62. Ke3 d2 0-1

[Event "SYR-ch"]
[Site "Damascus"]
[Date "2019.04.23"]
[Round "2"]
[White "Dirki, Talal"]
[Black "Hammoudi, Ali"]
[Result "0-1"]
[WhiteElo "1949"]
[BlackElo "2132"]
[PlyCount "78"]
[EventDate "2019.04.22"]
[EventType "tourn"]
[EventRounds "11"]
[EventCountry "SYR"]
[SourceTitle "CBM 190 Extra"]
[Source "ChessBase"]
[SourceDate "2019.07.15"]
[SourceVersion "1"]
[SourceVersionDate "2019.07.15"]
[SourceQuality "1"]

1. Nf3 Nf6 2. g3 g6 3. Bg2 Bg7 4. 0-0 0-0 5. d3 d5 6. c4 c6 7. Nbd2 Nbd7 8. Rb1 a5 9. b3 b5 10. Nd4 Qb6 11. Bb2 Bb7 12. e4 dxe4 13. dxe4 e5 14. Nc2 Rad8 15. Qe2 Rfe8 16. Rfd1 Nc5 17. Ne1 h5 18. Nf1 Ng4 19. h3 Rxd1 20. Rxd1 Nf6 21. Qc2 h4 22. g4 bxc4 23. Ba3 Ne6 24. Qxc4 Ba6 25. Qc2 Nd4 26. Qc5 Qd8 27. Ne3 Bf8 28. Qa7 Be2 29. Bxf8 Bxd1 30. Bh6 Ne2+ 31. Kh1 Nf4 32. Bg5 Qd2 33. Bxf6 Qxe1+ 34. Kh2 Qxf2 35. Qd7 Rf8 36. Qxd1 Qxe3 37. Qf3 Nxg2 38. Kxg2 Qxf3+ 39. Kxf3 Re8 0-1

[Event "SYR-ch"]
[Site "Damascus"]
[Date "2019.04.22"]
[Round "1"]
[White "Dirki, Talal"]
[Black "Azam, Zeno"]
[Result "0-1"]
[WhiteElo "1949"]
[BlackElo "2093"]
[PlyCount "84"]
[EventDate "2019.04.22"]
[EventType "tourn"]
[EventRounds "11"]
[EventCountry "SYR"]
[SourceTitle "CBM 190 Extra"]
[Source "ChessBase"]
[SourceDate "2019.07.15"]
[SourceVersion "1"]
[SourceVersionDate "2019.07.15"]
[SourceQuality "1"]

1. Nf3 d5 2. g3 Nd7 3. Bg2 e5 4. d3 Ngf6 5. 0-0 c6 6. Nbd2 h5 7. h4 e4 8. Ng5 e3 9. fxe3 Qc7 10. Rf4 Bd6 11. Ndf3 Bxf4 12. exf4 Ng4 13. e4 Qb6+ 14. d4 dxe4 15. Nxe4 0-0 16. c3 Ndf6 17. Ne5 Nxe4 18. Bxe4 Re8 19. Qc2 Nxe5 20. fxe5 Rxe5 21. Bf4 Re8 22. Rf1 Bg4 23. Kg2 Rxe4 24. Qxe4 Qxb2+ 25. Rf2 Qxc3 26. Be5 Be6 27. Kh2 Bd5 28. Qf4 Qa1 29. Rf1 Qxa2+ 30. Rf2 Qb1 31. Rf1 Qe4 32. Qxe4 Bxe4 33. Rf4 f5 34. Rf2 a5 35. Ra2 a4 36. Bd6 Kf7 37. Kg1 Ke6 38. Bc5 Kd5 39. Kf2 Kc4 40. Rb2 b5 41. Ba3 Kxd4 42. Rb4+ Kc3 0-1